000 00637nam a2200241Ia 4500
003 OSt
005 20220925224659.0
006 a|||||r|||| 00| 0
007 ta
008 220923b |||||||| |||| 00| 0 eng d
020 _a0710212623
037 _cGeneral Book
040 _aRTL
_cRTL
_beng
041 _2eng
_aeng
082 _aY7b4, M7
100 _aLivingston Eric
_9291373
245 0 _aMaking sense of ethnomethodology
260 _aLondon
_bRoutledge and Kegan Paul
_c1987
300 _axii,148p
_ccm.
650 _aRace
942 _hY7b4, M7
_cGB
_2CC
999 _c581965
_d581965